PolSci: Romanian Journal of Political Science

Salvato in:
Dettagli Bibliografici
Natura: Periodico
Lingua:inglese
Pubblicazione: Bucharest Romanian Academic Society
Tags: Aggiungi Tag
Nessun Tag, puoi essere il primo ad aggiungerne!!

MARC

LEADER 00000nas1a2200000 4500
001 0269978
005 20250701092136.1
022 |a 2068-7613 
022 |a 1582-456X 
041 0 |a eng 
044 |a RO 
245 1 0 |a PolSci: Romanian Journal of Political Science 
264 1 |a Bucharest  |b Romanian Academic Society